| 000 | 00339nam a2200133Ia 4500 | ||
|---|---|---|---|
| 008 | 240624s9999 xx 000 0 und d | ||
| 041 | _aeng | ||
| 082 | _a658.402 MIN | ||
| 100 | _aMINTZBERG HENRY | ||
| 245 | _aSTRUCTURING OF ORGANIZATIONS | ||
| 260 |
_c1979 _aLondon _bPrentice-Hall |
||
| 300 | _axvi, : 512 : p. : cm. ; 23 | ||
| 365 |
_c _b35 |
||
| 999 |
_c7587 _d7587 |
||